Countries Francis Drake visited - Statistics

General Stats
  • This quiz has been taken 66 times
  • The average score is 11 of 21
Answer Stats
Continent Country % Correct
South America Argentina
88%
North America Canada
86%
North America Mexico
86%
South America Brazil
84%
North America United States of America
84%
South America Chile
75%
South America Peru
71%
Europe Spain
71%
South America Ecuador
63%
Europe Portugal
59%
Africa South Africa
59%
Europe United Kingdom
59%
North America Panama
57%
Asia Indonesia
45%
Africa Morocco
43%
Oceania Palau
29%
Asia the Philippines
25%
Africa Guinea
14%
Africa Sierra Leone
14%
Africa Mauritania
12%
Asia Timor Leste
10%
No matching quizzes found
Score Distribution
Percent of People with Each Score
Percentile by Number Answered
Your Score History
You have not taken this quiz